000 00388nam a2200145 4500
020 _a0521203805
_a0521098351 (pbk.)
040 _cCIN
082 _a632 CUP 1974 C150 Or.
100 1 0 _aDeBach, Paul
245 1 0 _aBiological control by natural enemies
260 0 _a[London,
_aNew York]
_bCambridge University Press
_c[1974]
300 _a323 p.
_c22 cm
650 0 _aPests
942 _cAEDBB
999 _c18653
_d18653